000 00276nam a2200133Ia 4500
100 _aGanesan/V
942 _cBK
366 _f25
245 _aInternal Combusion
260 _bTata McGraw Hill
_aNew Delhi
_c2010
082 _a621.43/gan
300 _a732
546 _aENGLISH
999 _c27962
_d27962